History Quiz

Random History or Clickable Quiz
Score 0/20 Timer 03:00
0 Plays Today
% Correct
1714
69.5%
1135
66.1%
1906
62.7%
1882
54.2%
1694
50.8%
1348
50.8%
1399
50.8%
1863
47.5%
1856
45.8%
1914
42.4%
% Correct
1413
42.4%
1917
40.7%
1660
39%
1096
37.3%
1440
35.6%
1675
32.2%
1780
32.2%
1829
20.3%
1830
18.6%
1840
18.6%

You're not logged in!

Compare scores with friends on all Sporcle quizzes.
OR
Log In

Sporcle TV

Today on Sporcle TV


Watch our educational content, quiz creation guides, and fun videos on Sporcle TV.

Show Comments

Extras

Top Quizzes Today


Score Distribution

Paid Content

Your Account Isn't Verified!

In order to create a playlist on Sporcle, you need to verify the email address you used during registration. Go to your Sporcle Settings to finish the process.

Report this User

Report this user for behavior that violates our Community Guidelines.

Details: